MARC details
| 000 -CABECERA |
| campo de control de longitud fija |
02025nam a2200325 i 4500 |
| 001 - NÚMERO DE CONTROL |
| campo de control |
000000558 |
| 003 - IDENTIFICADOR DEL NÚMERO DE CONTROL |
| campo de control |
DO-SdBNP |
| 005 - FECHA Y HORA DE LA ÚLTIMA TRANSACCIÓN |
| campo de control |
20250929151625.0 |
| 007 - CAMPO FIJO DE DESCRIPCIÓN FÍSICA--INFORMACIÓN GENERAL |
| campo de control de longitud fija |
ta |
| 008 - DATOS DE LONGITUD FIJA--INFORMACIÓN GENERAL |
| campo de control de longitud fija |
081030s2007 dr ac 001 0bspa d |
| 040 ## - FUENTE DE LA CATALOGACIÓN |
| Centro catalogador/agencia de origen |
DO-SdBNP |
| Lengua de catalogación |
spa |
| Centro/agencia transcriptor |
BNPHU |
| Normas de descripción |
rda |
| 041 ## - CÓDIGO DE LENGUA |
| Código de lengua del texto/banda sonora o título independiente |
spa |
| 082 #4 - NÚMERO DE LA CLASIFICACIÓN DECIMAL DEWEY |
| Número de clasificación |
923.17293 |
| Número de documento/Ítem |
T866R |
| Número de edición |
22 |
| 100 1# - ENTRADA PRINCIPAL--NOMBRE DE PERSONA |
| Nombre de persona |
Read Vittini, Mario, |
| Fechas asociadas al nombre |
1926-2010 |
| Término indicativo de función/relación |
autor |
| Código de función/relación |
aut. |
| 9 (RLIN) |
1841 |
| 245 10 - MENCIÓN DE TÍTULO |
| Título |
Trujillo de cerca / |
| Mención de responsabilidad, etc. |
Mario Read Vittini ; prólogo, Manuel Núñez ; presentación, Freddy A. Reyes Pérez. |
| 264 #1 - PRODUCCIÓN, PUBLICACIÓN, DISTRIBUCIÓN, FABRICACIÓN Y COPYRIGHT |
| Producción, publicación, distribución, fabricación y copyright |
Santo Domingo, República Dominicana : |
| Nombre del de productor, editor, distribuidor, fabricante |
Editora San Rafael, |
| Fecha de producción, publicación, distribución, fabricación o copyright |
2007. |
| 300 ## - DESCRIPCIÓN FÍSICA |
| Extensión |
vii, 359 páginas : |
| Otras características físicas |
ilustraciones, facsímil., retratos ; |
| Dimensiones |
23 cm. |
| 336 ## - TIPO DE CONTENIDO |
| Término de tipo de contenido |
texto |
| Código de tipo de contenido |
txt |
| Fuente |
rdacontent |
| 337 ## - TIPO DE MEDIO |
| Nombre/término del tipo de medio |
sin mediación |
| Código del tipo de medio |
n |
| Fuente |
rdamedia |
| 338 ## - TIPO DE SOPORTE |
| Nombre/término del tipo de soporte |
volumen |
| Código del tipo de soporte |
nc |
| Fuente |
rdacarrier |
| 500 ## - NOTA GENERAL |
| Nota general |
Incluye índice onomástico |
| 505 0# - NOTA DE CONTENIDO CON FORMATO |
| Nota de contenido con formato |
Presentación / |
| Mención de responsabilidad |
Freddy A. Reyes Pérez -- |
| Título |
Prólogo / |
| Mención de responsabilidad |
Manuel Núñez -- |
| Título |
Algunas palabras necesarias -- |
| -- |
Datos generales sobre Trujillo y su régimen -- |
| -- |
¿Quién era Trujillo? -- |
| -- |
Mis relaciones con Trujillo -- |
| -- |
Mi situación con Trujillo -- |
| -- |
La situación económica, social y política de la República al ascenso de Trujillo al poder -- |
| -- |
El lado oscuro del régimen -- |
| -- |
Las actividades internacionales -- |
| -- |
La parte positiva -- |
| -- |
Trujillo y la iglesia -- |
| -- |
Los monumentos y la prensa -- |
| -- |
La administración -- |
| -- |
La cultura, las artes y el deporte -- |
| -- |
Trujillo fiestero -- |
| -- |
Rebeldía y sanción -- |
| -- |
La lucha clandestina y el asilamiento -- |
| -- |
El exilio -- |
| -- |
El atentado -- |
| -- |
El regreso -- |
| -- |
Reflexión final -- |
| -- |
Índice onomástico -- |
| -- |
Carta que dirigió Modesto Díaz a su familia pocos días antes de ser asesinado en la hacienda María. |
| 590 ## - NOTA LOCAL (RLIN) |
| Nota local |
Inventariado, 2020/BT |
| 600 10 - PUNTO DE ACCESO ADICIONAL DE MATERIA--NOMBRE DE PERSONA |
| Nombre de persona |
Read Vittini, Mario, |
| Fechas asociadas al nombre |
1926-2010 |
| 9 (RLIN) |
1841 |
| 600 10 - PUNTO DE ACCESO ADICIONAL DE MATERIA--NOMBRE DE PERSONA |
| Nombre de persona |
Trujillo Molina, Rafael Leónidas, |
| Fechas asociadas al nombre |
1891-1961 |
| 9 (RLIN) |
76764 |
| 700 1# - PUNTO DE ACCESO ADICIONAL--NOMBRE DE PERSONA |
| Nombre de persona |
Núñez, Manuel, |
| Fechas asociadas al nombre |
1957- |
| Término indicativo de función/relación |
prologuista |
| Código de función/relación |
pr. |
| 9 (RLIN) |
2366 |
| 700 1# - PUNTO DE ACCESO ADICIONAL--NOMBRE DE PERSONA |
| Nombre de persona |
Reyes Pérez, Freddy A. |
| 9 (RLIN) |
1844 |
| 910 ## - DATOS DE OPCIÓN DEL USUARIO (OCLC) |
| Datos de opción del usuario |
Validado. Control de calidad de la MMOLINA |
| 942 ## - ELEMENTOS DE PUNTO DE ACCESO ADICIONAL (KOHA) |
| Fuente del sistema de clasificación o colocación |
Dewey Decimal Classification |
| Tipo de ítem Koha |
Libro |